00629nam a22001577a 4500008004100000020001800041050002700059110004500086245010800131250001800239260006700257300002300324504004700347650004000394650003700434170717b xxu||||| |||| 00| 0 spa d a9786074681635 aKGF2914.1917bC32 2010 aSuprema Corte de Justicia de la Nación aConstitutción Política de los Estados Unidos Mexicanosc / Suprema Corte de Justicia de la Nación a4a. edición aMéxicob : Suprema Corte de Justicia de la Naciónc , 2010 axv ; 747 páginas aIncluye: Tabla de contenido Presentación 0aCONSTITUCIÓN POLÍTICAzMÉXICO 0aDERECHO CONSTITUCIONALzMÉXICO